La adopción del propio hijo natural reconocido
Zapisane w:
| 1. autor: | |
|---|---|
| Format: | Książka |
| Język: | hiszpański |
| Wydane: |
Pamplona
Aranzadi
1979
|
| Hasła przedmiotowe: | |
| Etykiety: |
Dodaj etykietę
Nie ma etykietki, Dołącz pierwszą etykiete!
|
MARC
| LEADER | 00000nam a2200000 a 4500 | ||
|---|---|---|---|
| 001 | UCS1704 | ||
| 003 | CL-VaPUC | ||
| 008 | 970515e19790000SP |||||||||||||||||spa|d | ||
| 082 | 0 | 4 | |a 346.017 |b HUA |2 21 |
| 100 | 0 | |a Hualde Sánchez, José Javier |e author |9 386419 | |
| 245 | 1 | 3 | |a La adopción del propio hijo natural reconocido |
| 300 | |a 224 p | ||
| 942 | |c BK | ||
| 945 | |d 19970515 00:00:00 |a paguirre | ||
| 260 | |a Pamplona |b Aranzadi |c 1979 | ||
| 650 | 0 | |a Derecho civil |9 255013 | |
| 650 | 0 | |a Derecho de familia |9 255603 | |
| 650 | 0 | |a Filiación |9 256647 | |
| 650 | 0 | |a Adopción |9 255783 | |
| 650 | 7 | |a FILIACION ILEGITIMA |2 CL-VaPUC |9 385163 | |
| 583 | |a last modification |c 19970515 00:00:00 |k Rodrigo Vera | ||
| 999 | |c 259736 |d 259734 | ||
| 952 | |0 0 |1 0 |4 0 |6 346_017000000000000_HUA_1979 |7 0 |8 A |9 285003 |a BIBDER |b BIBDER |d 2019-11-19 |i 1848739 |o 346.017 HUA 1979 |p 1848739 |r 2023-01-25 |w 2019-11-19 |y BK |k DER | ||